Semiología de la lectura /

Guardado en:
Autor Principal: Otero, Néstor
Formato: Libro
Publicado: Colombia : Cerlalc / Men / Instituto Naciónal del Libro, 1992
Materias:
Etiquetas: Agregar Etiqueta
Sin Etiquetas, Sea el primero en etiquetar este registro!
LEADER 00515nam a22001815a 4500
001 CEM.cems007125
005 20060214000000.0
008 130507s1992##################000#0#####d
003 CEMS
082 0 4 |a 410 
100 1 |a Otero, Néstor 
245 1 0 |a Semiología de la lectura / 
260 |a Colombia :  |b Cerlalc / Men / Instituto Naciónal del Libro,  |c 1992 
300 |a 204 p. 
653 |a Lectura 
653 |a Semiologia 
653 |a Semiologia de la lectura 
859 |a CEMS  |b BIB. CEMS - 11 de abril  |h 410  |i Ot2  |p 16862.93  |t Ej.1